Waste Management of Vranov nad Topľou

Príspevok je zameraný na zhodnotenie stavu odpadového hospodárstva mesta Vranov nad Topľou. Cieľom je vyjadriť sa k dôležitosti indikátorov týkajúcich sa odpadového hospodárstva samospráv, ako napríklad k množstvu vyprodukovaného komunálneho odpadu, miere recyklácie komunálneho odpadu a množstvu ulo...

Descrizione completa

Salvato in:
Dettagli Bibliografici
Autore principale: Kaľuha, Pavol, 1998-
Natura: Capitolo di libro
Lingua:inglese
Soggetti:
Tags: Aggiungi Tag
Nessun Tag, puoi essere il primo ad aggiungerne!!

MARC

LEADER 00000naa a2200000 4500
001 0298796
005 20250116080345.3
041 0 |a eng 
044 |a SK 
245 1 0 |a Waste Management of Vranov nad Topľou  |c Pavol Kaľuha 
520 |a Príspevok je zameraný na zhodnotenie stavu odpadového hospodárstva mesta Vranov nad Topľou. Cieľom je vyjadriť sa k dôležitosti indikátorov týkajúcich sa odpadového hospodárstva samospráv, ako napríklad k množstvu vyprodukovaného komunálneho odpadu, miere recyklácie komunálneho odpadu a množstvu uloženého odpadu na skládky v snahe dosiahnuť ciele Programu predchádzania vzniku odpadov Slovenskej republiky, Programu odpadového hospodárstva Slovenskej republiky a ciele udržateľného rozvoja kľúčového dokumentu Organizácie spojených národov AGENDY 2030 a navrhnúť opatrenia, ktoré by prispeli k zlepšeniu nakladania s odpadom, intenzifikácii materiálového i energetického zhodnotenia a takisto zníženiu množstva uloženého odpadu na skládky. Tento krok povedie k zvýšeniu environmentálnej a ekonomickej efektívnosti samosprávy. 
610 2 0 |a udržateľnosť 
610 2 0 |a hospodárstvo odpadové 
610 2 0 |a odpad 
610 2 0 |a Slovensko 
100 1 |a Kaľuha, Pavol, 1998-